000 00589nam a2200193Ia 4500
005 20250326140542.0
008 250326s9999 xx 000 0 und d
020 _a0-140-28591-1
037 _aTextbook
040 _aFMSL
_beng
_cFMSL
041 _aeng
_2eng
084 _aX8(D5133):8.42y7 N9
_qFMSL
100 _aReingold Edwin M
_9742548
245 0 _aToyota : people, ideas and the challenge of the new
_cReingold Edwin M
260 _aNew York
_bNew York, Penguin
_c1999
300 _axvi,208
942 _cTB
_hX8(D5133):8.42y7 N9
999 _c1286277
_d1286277